000 00699nam a2200229 a 4500
999 _c7483
_d7483
001 7483
003 BD-JhCC
005 20180210191522.0
008 180210b xxu||||| |||| 00| 0 eng d
020 _a9845600786
035 _a(BD-JhCC) 7483
040 _aBD-JhCC
_dBD-JhCC
041 _aben
082 _a954.9235
_bVAT 1999
100 _aভট্টাচার্য, অজয়
245 _aনানকার বিদ্রোহ /
_cঅজয় ভট্টাচার্য
260 _aঢাকা :
_bজাতীয় গ্রন্থ প্রকাশন ,
_c1999
300 _a384 p .:
_c22 cm .
650 _aHistory, Bangldesh
942 _2ddc
_cBK